| 000 | 00711nam a22001817a 4500 | ||
|---|---|---|---|
| 005 | 20240206104645.0 | ||
| 010 | _aHIN-126770 | ||
| 020 |
_a9788189354169 _c400.00 |
||
| 035 | _aHN-99116 | ||
| 037 | _bDBAD/PUB | ||
| 082 | _a570 | ||
| 100 |
_aगोयल,नितिन _961690 |
||
| 245 |
_aजीव विज्ञानं कोश/ _b _cनितिन गोयल |
||
| 260 |
_aदिल्ली _bसदाचार प्रकाशन _c2021 |
||
| 270 |
_a1376 ,दूसरी मंजिल कश्मीरी गेट , _b दिल्ली _e110006 |
||
| 300 |
_a216 पृष्ठ; _c22सेमी (सजिल्द) |
||
| 942 |
_cHN _2ddc _h570 _mगोयल |
||
| 999 |
_c200255 _d200255 |
||